000 01746nam a22002177a 4500
999 _c5402
_d5402
003 OSt
005 20250910105500.0
008 250910b ||||| |||| 00| 0 eng d
020 _a9781471169816
040 _cKH8
082 _aFIC FUR
100 _aFurniss, Clare,
_eauthor.
245 _aThe things we leave behind /
_cClare Furniss.
260 _aUnited Kingdom ;
_bSimon & Schuster Ltd ,
_c2024.
300 _a306 pages :
_c20 cm.
520 _a In the near future, in a world that could be, but is not quite, ours, sixteen-year-old Clem is happy. Celebrating her birthday surrounded by friends, family and a warm summer evening, there’s nothing that could ruin this day. But by morning, everything has changed . . . After years of a growing totalitarian regime, civil unrest in London has reached an all-time high, and it’s no longer safe to stay in the city. Fleeing with nothing but her half-sister Billie, a notebook filled with stories and memories of home, Clem must make the treacherous journey to Edinburgh, first by road and then by boat. What waits for the sisters on the other side – the start of a new life, or a mirror held up to the past?PRAISE FOR CLARE ‘Lingers in the mind long after the final word has been read’ Malorie Blackman, author of Noughts & Crosses ‘Absolutely gorgeous, heartfelt and incredibly enjoyable’ Robin Stevens, author of the Murder Most Unladylike series ‘Funny, sharply observed, shocking and wonderful’ Sunday Times ‘A beautifully executed story . . . gloriously funny, deeply emotional and a triumph’ Daily Mail ‘Beautifully written’ Stylist
650 _amental health
_vfiction
650 _afamily
_vfiction
650 _apolitics
_vfiction
942 _2ddc
_cFIC